| 000 | 01126nam a2200289 a 4500 | ||
|---|---|---|---|
| 001 | BRCA_701 | ||
| 005 | 20190320203119.0 | ||
| 008 | 850917s1985 vaua---##c---#001-0#eng-# | ||
| 020 | _a091704617X | ||
| 020 | _a0917046161 | ||
| 040 |
_aDLC _cDLC _dDLC |
||
| 050 | 4 |
_aNK775.5 _b.B73 1985 |
|
| 100 | 1 |
_aBrandt, Frederick R. _d1936- _92305 |
|
| 245 | 1 | 0 |
_aLate 19th and Early 20th Century Decorative Arts _bThe Sydney and Frances Lewis Collection in the Virginia Museum of Fine Arts _cby Frederick R. Brandt. |
| 260 |
_aRichmond, Virginia _bVirginia Museum of Fine Arts _c1985 |
||
| 300 |
_aXI, 285 p. _bil. (algunas a color) _c28 cm. |
||
| 500 | _aIncluye índice de artistas | ||
| 504 | _aBibliografía: p. 278-282 | ||
| 600 | 1 | 4 |
_aLewis, Sydney _vCatálogos _92306 |
| 600 | 1 | 4 |
_aLewis, Frances _xColecciones de arte _92307 |
| 610 | 2 | 4 |
_aVirginia Museum of Fine Arts _vCatálogos _92308 |
| 650 | 1 | 4 |
_aArtes decorativas _xHistoria _ySiglo XIX _92309 |
| 650 | 1 | 4 |
_aDecoración y ornamentación _xArt Nouveau _92310 |
| 650 | 1 | 4 |
_aArtes decorativas _xHistoria _ySiglo XX _92311 |
| 650 | 1 | 4 |
_aArt decó _xCatálogos _92312 |
| 942 |
_2lcc _cB |
||
| 999 |
_c605 _d605 |
||